[Event "Casino GM"]
[Site "Barcelona ESP"]
[Date "2009.11.02"]
[Round "1"]
[White "Fier,A"]
[Black "Peralta,Fe"]
[Result "1/2-1/2"]
[WhiteElo "2653"]
[BlackElo "2557"]

1.d4 d5 2.c4 c6 3.Nf3 Nf6 4.Nc3 dxc4 5.a4 Bf5 6.Ne5 Nbd7 7.Nxc4 Qc7 8.g3 e5
9.dxe5 Nxe5 10.Bf4 Nfd7 11.Bg2 f6 12.O-O Be6 13.Nxe5 Nxe5 14.Qc2 Qa5 15.Rfd1 Be7
16.Ne4 O-O 17.Nd6 Qb4 18.Nf5 Bc5 19.Rdc1 Rad8 20.Ra3 b6 21.Rc3 Ng6 22.Be3 Bxe3
23.Nxe3 c5 24.Nc4 Ne5 25.Nxe5 fxe5 26.Be4 h6 27.Bd3 Rd4 28.e3 Rd6 29.a5 Qxa5
30.Ra3 Qb4 31.Rxa7 e4 32.Bxe4 Rd2 33.Qc3 Qxc3 34.bxc3 Rdxf2 35.Ra8 Rxa8 36.Kxf2 Ra2+
37.Kf3 b5 38.Rb1 Ra5 39.Bc6 Bc4 40.Ke4 Ra3 41.Bxb5 Bxb5 42.Rxb5 Rxc3 43.Rb7 Rc2
44.h4 Rg2 45.Kf4 Rf2+ 46.Ke4 Rg2 47.Kf3 Rg1 48.Rc7 Rf1+ 49.Ke2 Rg1 50.Kf2 Rc1
51.h5 c4 52.g4 c3 53.Ke2  1/2-1/2

[Event "WJun Girls"]
[Site "Puerto Madryn ARG"]
[Date "2009.11.02"]
[Round "12"]
[White "Cori T.,D"]
[Black "Soumya,Sw"]
[Result "1-0"]
[WhiteElo "2361"]
[BlackElo "2297"]

1.d4 d5 2.c4 c6 3.Nf3 Nf6 4.Nc3 dxc4 5.a4 Bf5 6.Ne5 Nbd7 7.Nxc4 Qc7 8.g3 e5
9.dxe5 Nxe5 10.Bf4 Nfd7 11.Bg2 g5 12.Bxe5 Nxe5 13.Qd4 f6 14.O-O-O Be7 15.Ne3 Bg6
16.Be4 Qb6 17.Bxg6+ hxg6 18.Qe4 Kf7 19.f4 gxf4 20.gxf4 Rh3 21.Nc4 Nxc4 22.Qxc4+ Kf8
23.Rhg1 Qb4 24.Qxb4 Bxb4 25.Na2 Bc5 26.Rxg6 Kf7 27.f5 Rxh2 28.Rd7+ Be7 29.Nc3 Rf2
30.Rh6 Ke8 31.Rxb7 Rxf5 32.Ne4 Rd8 33.Rh7 Bf8 34.Rhf7 Rd4 35.Nxf6+ Rxf6 36.Rxf6 Bc5
37.Rxc6  1-0

[Event "13th OIBM"]
[Site "Bad Wiessee GER"]
[Date "2009.11.06"]
[Round "8"]
[White "Brodsky,M"]
[Black "Grover,S"]
[Result "1/2-1/2"]
[WhiteElo "2530"]
[BlackElo "2288"]

1.Nf3 d5 2.d4 Nf6 3.c4 c6 4.Nc3 dxc4 5.a4 Bf5 6.e3 e6 7.Bxc4 Bb4 8.O-O O-O
9.Qe2 Bg6 10.Ne5 Nbd7 11.Nxg6 hxg6 12.Rd1 Qa5 13.Bd2 Rad8 14.Be1 c5 15.d5 exd5
16.Bxd5 Nxd5 17.Nxd5 Bxe1 18.Rxe1 Nf6 19.Nc3 Rfe8 20.Red1 Ne4 21.Qb5 Qxb5
22.Nxb5 a6 23.Nc7 Rf8 24.Nd5 b5 25.b3 Nf6 26.Nc7 bxa4 27.bxa4 Rc8 28.Nd5 Nxd5
29.Rxd5 c4 30.Rc1 Rc6 31.Kf1 Rb8 32.Ke2 Rb2+ 33.Rd2 Rb4 34.Ra2 a5 35.Rd1 Rc5
36.Rd8+ Kh7 37.Kd2 g5 38.Rd4 Kg6 39.Kc3 Rb3+ 40.Kc2 Rb4 41.Kc3 Kf6  1/2-1/2

[Event "3rd Asian Indoor Team Rapid Prelim"]
[Site "Ha Long City VIE"]
[Date "2009.11.06"]
[Round "8"]
[White "Moradiabadi,E"]
[Black "Dao Thien Hai"]
[Result "1/2-1/2"]
[WhiteElo "2560"]
[BlackElo "2524"]

1.d4 d5 2.c4 c6 3.Nc3 Nf6 4.Nf3 dxc4 5.a4 Bf5 6.Ne5 e6 7.f3 Bb4 8.e4 Bxe4
9.fxe4 Nxe4 10.Bd2 Qxd4 11.Nxe4 Qxe4+ 12.Qe2 Bxd2+ 13.Kxd2 Qd5+ 14.Kc2 Na6
15.Nxc4 O-O 16.Qe5 Rab8 17.Be2 Nb4+ 18.Kb3 b5 19.Qxd5 cxd5 20.axb5 Rxb5 21.Na3 Rb6
22.Kc3 Rc8+ 23.Kd2 Nc6 24.Rhb1 Rcb8 25.Ra2 Nb4 26.Raa1 Nc6 27.Ra2 f5 28.Nc2 Kf7
29.Ra6 Rxa6 30.Bxa6 Rb6 31.Be2 a5 32.Kc3 e5 33.b3 Ke6 34.Ra1 e4 35.g3 Ke5
36.Ra4 g5 37.Bh5 f4 38.Be8 f3 39.Bxc6 Rxc6+ 40.Kd2 Rc5 41.Nd4 h5 42.Nc2 f2
43.Ne3 Rb5 44.Ke2 Rxb3 45.Kxf2 Rb2+ 46.Ke1 Rb5 47.Kd2 d4 48.Nc4+ Kd5 49.Nxa5 Rb2+
50.Kc1 Rxh2 51.Nb3 d3 52.Ra5+ Kd6 53.Nd2 Re2 54.Rxg5 e3 55.Nc4+ Ke6 56.Kd1 h4
57.gxh4 Rh2 58.Nxe3 Rxh4 59.Kd2 Kf6 60.Rf5+ Ke6 61.Kxd3 Ra4 62.Rh5 Ra3+ 63.Kd4 Ra4+
64.Nc4 Kf6 65.Rc5 Ra1 66.Ke4 Ra4 67.Rc6+ Kg5 68.Rc8 Kf6 69.Kd5 Ra1 70.Rf8+ Kg5
71.Ke6 Kg4 72.Ke5 Re1+ 73.Kd4 Kg5 74.Ne3 Ra1 75.Ke5 Ra5+ 76.Nd5 Kg4 77.Rf1 Ra3
78.Nf6+ Kg3 79.Ne4+ Kg2 80.Rf2+ Kg1 81.Kf4 Ra8 82.Rb2 Ra3 83.Nd2 Ra8 84.Kf3 Ra3+
85.Ke2 Kg2 86.Rb8 Ra7 87.Rg8+ Kh3 88.Nf3 Ra2+ 89.Ke3 Re2+ 90.Kd4 Re4+ 91.Kd5 Rg4
92.Rf8 Kg3 93.Nd4 Kg2 94.Ke5 Rg7 95.Kf4 Ra7 96.Rg8+ Kf2 97.Rb8 Rf7+ 98.Ke4 Re7+
99.Kd3 Re3+ 100.Kc4 Re7 101.Rb2+ Kf1 102.Kd3 Re8 103.Ra2 Re7 104.Rh2 Re8
105.Kd2 Re7 106.Rh4 Kf2  1/2-1/2

[Event "3rd Asian Indoor Team Rapid Prelim"]
[Site "Ha Long City VIE"]
[Date "2009.11.06"]
[Round "9"]
[White "Bayarmandakh,B"]
[Black "Bu Xiangzhi"]
[Result "0-1"]
[WhiteElo "2314"]
[BlackElo "2682"]

1.d4 d5 2.c4 c6 3.Nc3 Nf6 4.Nf3 dxc4 5.a4 Bf5 6.e3 e6 7.Bxc4 Bb4 8.O-O O-O
9.Qe2 Ne4 10.Nxe4 Bxe4 11.b3 Nd7 12.Bb2 Qe7 13.Rac1 Rfd8 14.Rfd1 Rac8 15.Bd3 Bxd3
16.Qxd3 h6 17.h3 Ba3 18.Qb1 Bxb2 19.Qxb2 c5 20.Qa3 b6 21.dxc5 Rxc5 22.b4 Rxc1
23.Qxc1 Nf6 24.Rxd8+ Qxd8 25.Nd4 a5 26.b5 Ne4 27.Qc4 Nc5 28.Nc6 Qd1+ 29.Kh2 Qxa4
30.Qe2 Qe4 31.Qd2 Qd3 32.Qb2 Qd6+ 33.f4 a4 34.Ne5 Qd5 35.Qb4 f6 36.Nc6 Kh7
37.Ne7 Qd3 38.f5 Qd6+  0-1

[Event "TCh-FIN"]
[Site "Finland FIN"]
[Date "2009.11.08"]
[Round "5"]
[White "Fieandt,J"]
[Black "Herranen,M"]
[Result "1-0"]
[WhiteElo "2174"]
[BlackElo "2108"]

1.d4 d5 2.Nf3 Nf6 3.c4 c6 4.Nc3 dxc4 5.a4 Bf5 6.e3 e6 7.Bxc4 Bb4 8.O-O Nbd7
9.Qe2 Bg6 10.Rd1 O-O 11.Ne5 Nd5 12.Nxg6 hxg6 13.Na2 Bd6 14.Bd2 N7b6 15.Bb3 Qh4
16.g3 Qh3 17.a5 Nd7 18.a6 bxa6 19.e4 N5b6 20.Nc3 c5 21.d5 exd5 22.Nxd5 Ne5
23.Nf4 Qc8 24.Bc3 Qc6 25.Rxa6 c4 26.Bc2 Rfd8 27.Nd5 Qb5 28.Ra5 Qc6 29.Bxe5  1-0

[Event "TCh-AUT 2009-10"]
[Site "Jenbach AUT"]
[Date "2009.11.08"]
[Round "3"]
[White "Kuzubov,Y"]
[Black "Nanu,C"]
[Result "1/2-1/2"]
[WhiteElo "2634"]
[BlackElo "2506"]

1.d4 d5 2.c4 c6 3.Nf3 Nf6 4.Nc3 dxc4 5.a4 Bf5 6.e3 e6 7.Bxc4 Nbd7 8.O-O Bb4
9.Qe2 Bg6 10.e4 O-O 11.e5 Nd5 12.Bd2 Be7 13.a5 a6 14.Rfd1 Nc7 15.Ne4 Nb5
16.Qe3 Re8 17.Be1 Qc7 18.Ng3 Rad8 19.Rac1 Nf8 20.h3 Rd7 21.Ne2 Qd8 22.Nf4 Nc7
23.Bb3 Nd5 24.Nxd5 exd5 25.Bc2 Ne6 26.Bxg6 fxg6 27.Bd2 Rf8 28.Qe2 Rf5 29.Rf1 Qf8
30.Rc3 Bb4 31.Rb3 Bxd2 32.Qxd2 Rf4 33.Rd3 g5 34.Ne1 h5 35.g3 Rf5 36.Ng2 Rdf7
37.Qe2 Rf3 38.Ne3 h4 39.Ng4 R3f5 40.Ne3 Rf3 41.Ng4 R3f5 42.Ne3  1/2-1/2

[Event "FSIM November"]
[Site "Budapest HUN"]
[Date "2009.11.12"]
[Round "6"]
[White "Szabo,Ben"]
[Black "Farago,S"]
[Result "1-0"]
[WhiteElo "2218"]
[BlackElo "2249"]

1.d4 d5 2.c4 c6 3.Nf3 Nf6 4.Nc3 dxc4 5.a4 Bf5 6.e3 e6 7.Bxc4 Bb4 8.O-O O-O
9.Qe2 Ne4 10.Na2 Bd6 11.b4 Nd7 12.Nd2 Nb6 13.Bb3 Nd5 14.Nxe4 Bxe4 15.Bd2 Qg5
16.f3 Bg6 17.g3 h5 18.e4 Bf4 19.exd5 Bxd2 20.f4 Bxf4 21.Rxf4 exd5 22.Re1 Rae8
23.Qxe8 Rxe8 24.Rxe8+ Kh7 25.Nc3 a6 26.Bd1 f5 27.Re6 Bf7 28.Re5 g6 29.a5 Kg7
30.Na4 h4 31.Kg2 hxg3 32.hxg3 Qd8 33.g4 Qh4 34.Nc5 Kf6 35.Rf2 Qh6 36.gxf5 g5
37.Nd7+ Kg7 38.f6+ Kg8 39.Rff5 Qh4 40.Rxg5+ Kh8 41.Rh5+  1-0

[Event "Haye Kramer Zeskamp"]
[Site "Leeuwarden NED"]
[Date "2009.11.13"]
[Round "1"]
[White "Ernst,S"]
[Black "Giri,A"]
[Result "1-0"]
[WhiteElo "2587"]
[BlackElo "2585"]

1.d4 d5 2.c4 c6 3.Nf3 Nf6 4.Nc3 dxc4 5.a4 Bf5 6.Ne5 Nbd7 7.Nxc4 Qc7 8.g3 e5
9.dxe5 Nxe5 10.Bf4 Nfd7 11.Bg2 g5 12.Bxe5 Nxe5 13.Qd4 f6 14.Ne3 Bg6 15.a5 a6
16.O-O Rd8 17.Qa4 Bc5 18.Ne4 Be7 19.f4 gxf4 20.gxf4 Nd7 21.Qc4 Qb8 22.Kh1 Kf8
23.Rad1 Qa7 24.Rd4 Kg7 25.Ng3 Rhe8 26.Nef5+ Kf8 27.Nh6 Kg7 28.Ngf5+ Bxf5
29.Nxf5+ Kf8 30.Nh6 Kg7 31.Qf7+ Kxh6 32.Rd3  1-0

[Event "FSIM November"]
[Site "Budapest HUN"]
[Date "2009.11.14"]
[Round "8"]
[White "Toth,E"]
[Black "Farago,S"]
[Result "0-1"]
[WhiteElo "2388"]
[BlackElo "2249"]

1.d4 d5 2.c4 c6 3.Nc3 Nf6 4.Nf3 dxc4 5.a4 Bf5 6.Ne5 e6 7.g3 Bb4 8.Bg2 Ne4
9.Bxe4 Bxe4 10.f3 Bg6 11.O-O c5 12.Na2 Na6 13.Nxb4 Nxb4 14.Nxg6 hxg6 15.dxc5 Qf6
16.Be3 Rd8 17.Qc1 Qe5 18.Ra3 Qh5 19.h4 Qe5 20.Kg2 Nd5 21.Bf2 c3 22.bxc3 Qxe2
23.c4 Nb4 24.Kg1 a5 25.Re3 Qd2 26.Qxd2 Rxd2 27.Rb1 Ra2 28.Re4 Rxa4 29.Rd4 O-O
30.Rd7 Rb8 31.Be3 e5 32.Re7 Nc6 33.Rc7 Rb4 34.Rd1 Rb3 35.Kf2 a4 36.Rdd7 Nd8
37.c6 bxc6 38.Ra7 a3 39.f4 e4 40.Rd2 Ne6 41.h5 gxh5 42.f5 Nf8 43.Bf4 Re8
44.Ra2 e3+ 45.Ke2 g6 46.R7xa3 Rxa3 47.Rxa3 gxf5 48.Ra5 Ne6 49.Bxe3 h4 50.gxh4 f4
51.Bd2 Rd8 52.Bc3 c5 53.Bf6 Re8 54.h5 Kh7 55.Kf3 Kh6 56.Kg4 Rg8+ 57.Kf5 f3
58.Ra3 f2 59.Rf3 Rg2 60.Bc3 Kh7 61.Bf6 Kh6 62.Bc3 Rg5+ 63.Kf6 Rg2 64.Kf5 Nd4+
65.Bxd4 cxd4 66.Ke4 d3 67.Rf6+ Kg7  0-1

[Event "Las Americas Open"]
[Site "Medellin COL"]
[Date "2009.11.14"]
[Round "5"]
[White "Chirivi C,Y"]
[Black "Munoz Sanchez,J"]
[Result "1-0"]
[WhiteElo "2171"]
[BlackElo "2264"]

1.d4 d5 2.c4 c6 3.Nc3 Nf6 4.Nf3 dxc4 5.a4 Bf5 6.e3 e6 7.Bxc4 Bb4 8.O-O O-O
9.Ne5 Nbd7 10.Qe2 Nxe5 11.dxe5 Ne4 12.Na2 Be7 13.b4 h5 14.f3 Ng5 15.Bb2 Bg6
16.Rad1 Qc7 17.e4 Rfd8 18.Rxd8+ Rxd8 19.Rd1 a5 20.Rxd8+ Qxd8 21.b5 Bc5+ 22.Kh1 h4
23.Qd3 Qe7 24.Bc3 cxb5 25.Bxb5 b6 26.h3 Bf2 27.Bd2 Bc5 28.Nc1 f5 29.exf6 Qxf6
30.Bc3 Qe7 31.Ne2 e5 32.Qd5+ Bf7 33.Qxe5 Qxe5 34.Bxe5 Ne6 35.g4  1-0

[Event "UTD Invitational A"]
[Site "Dallas USA"]
[Date "2009.11.26"]
[Round "6"]
[White "Sadorra,J"]
[Black "Ludwig,Dan"]
[Result "1-0"]
[WhiteElo "2478"]
[BlackElo "2461"]

1.d4 d5 2.c4 c6 3.Nf3 Nf6 4.Nc3 dxc4 5.a4 Bf5 6.e3 e6 7.a5 Bb4 8.Qa4 Qe7
9.Bxc4 O-O 10.O-O Nbd7 11.Be2 h6 12.h3 Rfd8 13.Rd1 Bd6 14.Bd2 Nd5 15.Be1 N7f6
16.Nd2 Rac8 17.Bf3 Bg6 18.Nc4 Bb8 19.Rac1 Nh7 20.g3 Ng5 21.Bg2 Nxc3 22.bxc3 Be4
23.Bxe4 Nxe4 24.Nd2 Nf6 25.Rb1 e5 26.Qb4 Qe6 27.Kg2 Rd7 28.dxe5 Bxe5 29.Nf3 Rcd8
30.Rxd7 Rxd7 31.Qb3 Qf5 32.Rd1 Rxd1 33.Qxd1 Bc7 34.Qb3 Qb5 35.Nd4 Qd5+ 36.Kg1 c5
37.c4 Qd7 38.Nb5 Bb8 39.Nc3 Be5 40.Nd5 Ne8 41.Kg2 Kf8 42.f4 Bf6 43.Qd3 Nc7
44.e4 Bd4 45.Bc3 Bxc3 46.Qxc3 f6 47.Qb3 Ne6 48.e5 fxe5 49.fxe5 Nd4 50.Qb1 Qa4
51.Qf1+ Ke8 52.h4 Qc2+ 53.Kh3 Qg6 54.Qf4 Kd7 55.Ne3 Ke7 56.Kg2 Nc6 57.h5 Qf7
58.Nd5+ Ke6 59.Qe3 Nxe5 60.Qe4 Kd6 61.Ne3 Nd7 62.Qxb7 Qxh5 63.g4 Qe5 64.Nf5+ Ke6
65.Qc6+  1-0

[Event "1st Thanksgiving Open"]
[Site "Stillwater USA"]
[Date "2009.11.28"]
[Round "5"]
[White "Steiner,Ti"]
[Black "Holt,C"]
[Result "0-1"]
[WhiteElo "2137"]
[BlackElo "2342"]

1.d4 d5 2.c4 c6 3.Nc3 dxc4 4.a4 Nf6 5.Nf3 Bf5 6.Nh4 Bg4 7.g3 e6 8.Bg2 Bb4
9.O-O O-O 10.h3 Bh5 11.g4 Nd5 12.Nf3 Bg6 13.Bd2 Bxc3 14.bxc3 Be4 15.Ne5 Bxg2
16.Kxg2 f6 17.Nxc4 Nxc3 18.Bxc3 Qd5+ 19.f3 Qxc4 20.Qd2 c5 21.dxc5 Nc6 22.Qe3 Ne7
23.Rfd1 e5 24.Qd3 Qxc5 25.Bb2 Qc8 26.Qb3+ Rf7 27.Rd6 Nc6 28.Bc3 Qc7 29.Rd3 Kh8
30.Rad1 Re8 31.e4 g6 32.Qc4 Kg7 33.Rd5 h6 34.h4 b6 35.Rd6 Nb8 36.Qb5 Rc8
37.Bxe5 fxe5 38.Qxe5+ Kh7 39.h5 Rg8 40.Qe6 Rfg7 41.hxg6+ Rxg6 42.Qf5 Qc5
43.e5 Nc6 44.Rd7+ Rg7 45.R1d6 Nxe5 46.Rxg7+ Kxg7 47.Re6 Rxe6 48.Qxe6 Nf7
49.Qd7 a6 50.f4 b5 51.axb5 axb5 52.g5 hxg5 53.fxg5 Qxg5+ 54.Kf2 Qf4+ 55.Ke2 Qe5+
56.Kd3 Qd6+  0-1

[Event "Vasylyshyn Mem"]
[Site "Lviv UKR"]
[Date "2009.11.30"]
[Round "6"]
[White "Yevseev,D"]
[Black "Ulanov,A"]
[Result "1-0"]
[WhiteElo "2520"]
[BlackElo "2336"]

1.d4 d5 2.c4 c6 3.Nf3 Nf6 4.Nc3 dxc4 5.a4 Bf5 6.e3 e6 7.Bxc4 Bb4 8.O-O O-O
9.Nh4 Bg4 10.f3 Bh5 11.g4 Bg6 12.e4 c5 13.Na2 Nc6 14.Nxg6 hxg6 15.Nxb4 cxb4
16.Be3 Qe7 17.Qe2 Rfd8 18.Rfd1 Rac8 19.Rac1 Na5 20.Kg2 Nd7 21.Bb5 a6 22.Bxd7 Qxd7
23.d5 Rxc1 24.Rxc1 Rc8 25.Rxc8+ Qxc8 26.Qd3 exd5 27.exd5 Nc4 28.d6 Ne5 29.Qe4 Nc6
30.Bc5 Qd7 31.Bxb4 f5 32.gxf5 gxf5 33.Qd5+ Kf8 34.Bc3 Nd8 35.Qe5 Nc6 36.Qd5 Nd8
37.Qc5 Nc6 38.b4 Ke8 39.Qd5 Kf8 40.Kg3 Nd8 41.Qc5 Nf7 42.Be5 g5 43.f4 gxf4+
44.Kxf4 Nd8 45.Ke3 Nf7 46.Kf2 Ke8 47.Bf4 Qe6 48.Qe3 Kd7 49.Qxe6+ Kxe6 50.Ke3 b5
51.axb5 axb5 52.h4 Nd8 53.Kd4  1-0

[Event "ch-IND National A"]
[Site "Mumbai IND"]
[Date "2009.12.05"]
[Round "5"]
[White "Maheswaran,P"]
[Black "Deepan,C"]
[Result "1/2-1/2"]
[WhiteElo "2342"]
[BlackElo "2518"]

1.d4 d5 2.c4 c6 3.Nf3 Nf6 4.Nc3 dxc4 5.a4 Bf5 6.e3 e6 7.Bxc4 Bb4 8.O-O O-O
9.Qe2 Bg6 10.Ne5 Nbd7 11.Nxg6 hxg6 12.Rd1 Qa5 13.Qc2 Rad8 14.Na2 Bd6 15.Be2 e5
16.g3 e4 17.Bd2 Qf5 18.a5 Nh7 19.a6 Ng5 20.Nc3 b6 21.Rf1 Nf6 22.h4 Nf3+ 23.Kg2 Rfe8
24.Rad1 Ng4 25.Nxe4 Nxd2 26.Rxd2 Qxe4+ 27.Qxe4 Rxe4 28.Bf3 Nxe3+ 29.fxe3 Rxe3
30.Rc1 Bb4 31.Rdd1 Rb3 32.Rxc6 Rxb2+ 33.Kh3 Bd6 34.Rdc1 Kf8 35.Rc8 Ke7 36.Re1+ Kd7
37.Rcc1 Rb4 38.Bc6+ Kc7 39.Be8+ Kb8 40.Bxf7 Rxd4  1/2-1/2

[Event "New Years All-Ukrainian Open"]
[Site "Poltava UKR"]
[Date "2009.12.08"]
[Round "6"]
[White "Shtanko,D"]
[Black "Romaniv,D"]
[Result "1-0"]
[WhiteElo "2346"]
[BlackElo "2131"]

1.d4 d5 2.c4 c6 3.Nc3 Nf6 4.Nf3 dxc4 5.a4 Bf5 6.e3 e6 7.Bxc4 Bb4 8.O-O O-O
9.Bd2 Nbd7 10.Ne2 Qe7 11.Ng3 Bg4 12.Qb3 Bxd2 13.Nxd2 Nb6 14.Bd3 e5 15.a5 Nbd5
16.h3 Bc8 17.dxe5 Qxe5 18.Nf3 Qc7 19.Ne4 Qe7 20.Nxf6+ Qxf6 21.Rfc1 Rb8 22.Be4 Be6
23.Nd4 a6 24.Nxe6 fxe6 25.Rc2 Qe5 26.Ra4 Rf7 27.g3 Rbf8 28.Bg2 Nf6 29.Rb4 Qd6
30.Rd4 Qe7 31.Rcd2 e5 32.Rd6 Qc7 33.Qb4 Re7 34.Qc4+ Kh8 35.b4 Rfe8 36.g4 e4
37.g5 Nd5 38.Qc5 Qc8 39.b5 axb5 40.a6 Rc7 41.axb7 Qxb7 42.Bxe4 Qc8 43.Bg2 Ne7
44.Rc2 Rd8 45.Rcd2 Rxd6 46.Rxd6 Qe8 47.Qe5 c5 48.Rb6 Rd7 49.Rb8 Rd8 50.Rxd8 Qxd8
51.Qxc5 Qd7 52.Bf1 Ng6 53.Qxb5 Qd8 54.Bg2 Nh4 55.Qd5 Qxd5 56.Bxd5 Nf5 57.Kg2 g6
58.Kf3 Ne7 59.Ke4 Kg7 60.Ke5 Nf5 61.Be4 Ne7 62.Ke6 Nc8 63.f4 Nb6 64.Bd5 Na4
65.Ke7 Nc3 66.e4 h6 67.h4 h5 68.Bc6 Ne2 69.f5 gxf5 70.exf5 Nf4 71.Be4  1-0

[Event "Open"]
[Site "Pilsen CZE"]
[Date "2009.12.09"]
[Round "6"]
[White "Cecil,P"]
[Black "Ufimtsev,E"]
[Result "1/2-1/2"]
[WhiteElo "2010"]
[BlackElo "1753"]

1.d4 d5 2.c4 c6 3.Nf3 Nf6 4.Nc3 dxc4 5.a4 Bf5 6.Ne5 e6 7.Nxc4 Bb4 8.Bg5 a5
9.e3 O-O 10.Be2 Nbd7 11.O-O Be7 12.Qb3 Ra7 13.Bf3 Bd3 14.Rfd1 Bxc4 15.Qxc4 Nb6
16.Qe2 Nbd5 17.e4 Nxe4 18.Nxe4 Bxg5 19.Nxg5 Qxg5 20.Be4 h6 21.Ra3 f5 22.Bb1 Qf6
23.g3 b6 24.f4 Rd7 25.Ba2 Re8 26.Bxd5 Rxd5 27.Qc4 c5 28.Rad3 Rc8  1/2-1/2

[Event "ch-VIE Women Masters"]
[Site "Ho Chi Minh City VIE"]
[Date "2009.12.12"]
[Round "4"]
[White "Nguyen Thi Mai Hung"]
[Black "Le Kieu Thien Kim"]
[Result "1/2-1/2"]
[WhiteElo "2219"]
[BlackElo "2250"]

1.d4 d5 2.c4 c6 3.Nf3 Nf6 4.Nc3 dxc4 5.a4 Bf5 6.e3 e6 7.Bxc4 Bb4 8.O-O O-O
9.Bd2 Nbd7 10.h3 a6 11.Kh1 Kh8 12.Ne2 Bxd2 13.Nxd2 Ne4 14.Nxe4 Bxe4 15.Ng3 Bd5
16.Bxd5 exd5 17.Qd3 Qg5 18.Rac1 Rae8  1/2-1/2

[Event "TCh-NED 2009-10"]
[Site "Netherlands NED"]
[Date "2009.12.12"]
[Round "4"]
[White "Groffen,H"]
[Black "Willemze,J"]
[Result "0-1"]
[WhiteElo "2189"]
[BlackElo "2393"]

1.d4 d5 2.c4 c6 3.Nf3 Nf6 4.Nc3 dxc4 5.a4 Bf5 6.Ne5 Nbd7 7.Nxc4 Qc7 8.g3 e5
9.dxe5 Nxe5 10.Bf4 Nfd7 11.Bg2 f6 12.O-O Nc5 13.Ne3 Bg6 14.b4 Ne6 15.b5 Rd8
16.Qb3 Nd4 17.Qb2 Bc5 18.Ne4 Bxe4 19.Bxe4 g5 20.Bxe5 Qxe5 21.Qb1 Nxe2+ 22.Kg2 Bxe3
23.Bf3 Nc3 24.Qb3 g4 25.Bxg4 Rd2 26.bxc6 bxc6 27.Rae1 Kf8 28.Kh3 h5 29.Be6 h4
30.g4 Ne2 31.Rxe2 Rxe2 32.Qd3 Bd4 33.Bc4 Rxf2 34.Rxf2 Bxf2 35.Qd8+ Kg7 36.Qd7+ Kh6  0-1

[Event "Tch-SLO League"]
[Site "Rogaska Slatina SLO"]
[Date "2009.12.13"]
[Round "5"]
[White "Gyimesi,Z"]
[Black "Solak,D"]
[Result "1-0"]
[WhiteElo "2584"]
[BlackElo "2579"]

1.d4 d5 2.c4 c6 3.Nf3 Nf6 4.Nc3 dxc4 5.a4 Bf5 6.Ne5 e6 7.f3 Bb4 8.e4 Bxe4
9.fxe4 Nxe4 10.Bd2 Qxd4 11.Nxe4 Qxe4+ 12.Qe2 Bxd2+ 13.Kxd2 Qd5+ 14.Kc2 O-O
15.Nxc4 Rd8 16.Qf3 Na6 17.Be2 Qxf3 18.Bxf3 Nb4+ 19.Kb3 Nd5 20.Rhd1 Kf8 21.Ka3 Ke7
22.b4 g5 23.b5 cxb5 24.axb5 Rac8 25.Bxd5 Rxd5 26.Rxd5 exd5 27.Re1+ Kf6 28.Nd6 Rc3+
29.Kb4 Rc2 30.g4 h5 31.gxh5 Rxh2 32.Ne8+ Kf5 33.Re7 a6 34.b6 Rb2+ 35.Kc5 Rb5+
36.Kd4 Rb4+ 37.Kxd5 Rb5+ 38.Kd4 Rb4+ 39.Kd3 Rb3+ 40.Kc2 Rxb6 41.Rxf7+ Ke5
42.Rg7 Kf5 43.Rf7+ Ke5 44.Ng7 g4 45.Kd3 Rb3+ 46.Ke2 Rb2+ 47.Kf1 Rh2 48.Kg1 Rh3
49.Kg2 b5 50.Rf5+ Kd6 51.Rg5 Rc3 52.Rxg4 Rc8 53.h6 a5 54.Rg5 Kc6 55.Nf5 Rh8
56.Nd4+ Kd6 57.Rxb5 a4 58.Ra5 a3 59.Kg3 a2 60.Rxa2 Ke5 61.Ra6 Kxd4 62.Kf4 Kd5
63.Kf5 Rf8+ 64.Kg6 Rf1 65.h7 Rh1 66.Kg7 Ke5 67.h8=Q  1-0

[Event "16th Open A"]
[Site "Zadar CRO"]
[Date "2009.12.14"]
[Round "2"]
[White "Lekic,D"]
[Black "Stojanovic,Andj"]
[Result "1/2-1/2"]
[WhiteElo "2387"]
[BlackElo "2329"]

1.d4 d5 2.c4 c6 3.Nf3 Nf6 4.Nc3 dxc4 5.a4 Bf5 6.Ne5 Nbd7 7.Nxc4 Nb6 8.Ne5 a5
9.g3 e6 10.Bg2 Bb4 11.O-O h6 12.e3 O-O 13.Qe2 Bh7 14.Rd1 Nfd7 15.Nd3 Bxd3
16.Qxd3 Qe7 17.b3 Nd5 18.Bb2  1/2-1/2

[Event "16th Open A"]
[Site "Zadar CRO"]
[Date "2009.12.17"]
[Round "7"]
[White "Hoelzl,F"]
[Black "Bukal,V jr"]
[Result "0-1"]
[WhiteElo "2339"]
[BlackElo "2387"]

1.d4 d5 2.c4 c6 3.Nf3 Nf6 4.Nc3 dxc4 5.a4 Bf5 6.e3 e6 7.Bxc4 Bb4 8.O-O Nbd7
9.Bd2 a5 10.Nh4 O-O 11.f3 Nb6 12.Be2 Re8 13.Kh1 Nfd5 14.g3 Bh3 15.Re1 e5
16.Ne4 exd4 17.exd4 h6 18.Bxb4 Nxb4 19.Nc5 N6d5 20.Qd2 g5 21.Bc4 gxh4 22.Qxh6 Qf6
23.Qh5 Qf5 24.Qxf5 Bxf5 25.Rxe8+ Rxe8 26.Nxb7 Nc2 27.Rg1 Nxd4 28.gxh4+ Kf8
29.Nd6 Re5  0-1

[Event "Tata Steel TCh-Asia"]
[Site "Kolkata IND"]
[Date "2009.12.23"]
[Round "2"]
[White "Adhiban,B"]
[Black "Harikrishna,P"]
[Result "1/2-1/2"]
[WhiteElo "2486"]
[BlackElo "2672"]

1.d4 d5 2.c4 c6 3.Nf3 Nf6 4.Nc3 dxc4 5.a4 Bf5 6.Ne5 e6 7.f3 Bb4 8.e4 Bxe4
9.fxe4 Nxe4 10.Bd2 Qxd4 11.Nxe4 Qxe4+ 12.Qe2 Bxd2+ 13.Kxd2 Qd5+ 14.Kc2 Na6
15.Nxc4 O-O 16.Qe5 Rab8 17.Qxd5 cxd5 18.Nd2 Rfc8+ 19.Kb1 Nb4 20.a5 Rc2 21.Nb3 Rf2
22.Ra4 Nc6 23.Nc5 Ne5 24.Rb4 b6 25.Na6 Rb7 26.Nc5 Rb8 27.Na6 Rb7 28.Nc5 Rb8
29.Na6 Rb7 30.Nc5 Rb8  1/2-1/2

[Event "Tata Steel TCh-Asia"]
[Site "Kolkata IND"]
[Date "2009.12.27"]
[Round "6"]
[White "Purnama,T"]
[Black "Nguyen Ngoc Truong Son"]
[Result "0-1"]
[WhiteElo "2417"]
[BlackElo "2616"]

1.d4 d5 2.c4 c6 3.Nf3 Nf6 4.Nc3 dxc4 5.a4 Bf5 6.Ne5 e6 7.f3 Bb4 8.e4 Bxe4
9.fxe4 Nxe4 10.Bd2 Qxd4 11.Nxe4 Qxe4+ 12.Qe2 Bxd2+ 13.Kxd2 Qd5+ 14.Kc2 Na6
15.Nxc4 O-O 16.Qe5 Rfd8 17.Be2 f6 18.Qxd5 cxd5 19.Na5 Rdc8+ 20.Kb3 Nc5+ 21.Ka3 b6
22.Nb3 Kf7 23.Rhd1 f5 24.Nd4 Kf6 25.b4 Ne4 26.Ba6 Rc3+ 27.Kb2 Rd8 28.Rac1 Re3
29.Nc2 Rc3 30.Nd4 Re3 31.Rc7 Nd6 32.Nc6 Rf8 33.Rxa7 h5 34.Rd7 Ne4 35.Rc1 h4
36.b5 h3 37.gxh3 f4 38.a5 Nc5 39.Rxc5 bxc5 40.b6 c4 41.b7 f3 42.Bxc4 dxc4
43.a6 c3+ 44.Kc2 f2 45.Rd1 Re1 46.a7 f1=Q 47.Rxe1 Qg2+ 48.Kd3 Qd5+ 49.Ke3 Qd2+
50.Kf3 Kg6+  0-1

[Event "26th Open"]
[Site "Boeblingen GER"]
[Date "2009.12.29"]
[Round "6"]
[White "Hirneise,T"]
[Black "Rusev,K"]
[Result "1/2-1/2"]
[WhiteElo "2421"]
[BlackElo "2537"]

1.d4 d5 2.c4 c6 3.Nf3 Nf6 4.Nc3 dxc4 5.a4 Bf5 6.Ne5 Nbd7 7.Nxc4 Qc7 8.g3 e5
9.dxe5 Nxe5 10.Bf4 Nfd7 11.Bg2 g5 12.Ne3 gxf4 13.Nxf5 O-O-O 14.Qc2 Ng6 15.O-O a5
16.Rfd1 Kb8 17.Rac1 Qb6 18.Ne4 Bb4 19.Qb3 Nde5 20.Rxd8+ Rxd8 21.Rd1 h5 22.Bh3 fxg3
23.hxg3 Ne7 24.Nxe7 Rxd1+ 25.Qxd1 Bxe7 26.b3 Qb4 27.Bf5 h4  1/2-1/2

[Event "ch-NZL"]
[Site "Auckland NZL"]
[Date "2010.01.02"]
[Round "1"]
[White "Croad,N"]
[Black "Lim,B"]
[Result "1/2-1/2"]
[WhiteElo "2271"]
[BlackElo "2075"]

1.d4 d5 2.c4 c6 3.Nc3 Nf6 4.Nf3 dxc4 5.a4 Bf5 6.Ne5 e6 7.f3 Nbd7 8.e4 Bg6
9.Nxc4 Qc7 10.Bg5 Bb4 11.Be2 e5 12.dxe5 Nxe5 13.Qd4 Nxc4 14.Bxc4 Bd6 15.O-O-O Be5
16.Qc5 b6 17.Qa3 h6 18.Bh4 Bxc3 19.bxc3 Qf4+ 20.Kb1 Qxh4 21.Qd6 Nd7 22.Qxd7+ Kf8
23.Qxc6 Rd8 24.g3 Qe7 25.Rxd8+ Qxd8 26.Kc1 Qe8 27.Qd6+ Qe7 28.Qb8+ Qe8 29.Qd6+ Qe7
30.Qb8+ Qe8 31.Qxa7 Kg8 32.Rd1 Kh7 33.Qd7 Qe5 34.Qd4 Qe7 35.Qd6 Qa7 36.Bb3 Qa5
37.Qb4 Qh5 38.g4 Qxh2 39.Qd4 Qf4+ 40.Rd2 Qxf3 41.e5  1/2-1/2

[Event "22nd Open"]
[Site "Staufer GER"]
[Date "2010.01.02"]
[Round "1"]
[White "Gohil,H"]
[Black "Michna,Marc"]
[Result "1-0"]
[WhiteElo "2347"]
[BlackElo "1871"]

1.d4 d5 2.c4 c6 3.Nf3 Nf6 4.Nc3 dxc4 5.a4 Bf5 6.Ne5 Nbd7 7.Nxc4 Qc7 8.f3 e5
9.dxe5 Nxe5 10.e4 Be6 11.Nxe5 Qxe5 12.Be3 Rd8 13.Qc2 Bc5 14.Qf2 Bxe3 15.Qxe3 Qd4
16.Kf2 Ke7 17.Nd5+ Rxd5 18.exd5 Qxb2+ 19.Be2 Nxd5 20.Rhb1 Nxe3 21.Rxb2  1-0

[Event "85th Masters"]
[Site "Hastings ENG"]
[Date "2010.01.03"]
[Round "7"]
[White "Talsma,P"]
[Black "Williams,Pe"]
[Result "1/2-1/2"]
[WhiteElo "2252"]
[BlackElo "2012"]

1.d4 d5 2.c4 c6 3.Nf3 Nf6 4.Nc3 dxc4 5.a4 Bf5 6.Nh4 Bd7 7.e3 b5 8.Nf3 b4
9.Nb1 e6 10.Bxc4 Bd6 11.Qe2 Qc7 12.e4 Bf4 13.Nbd2 e5 14.dxe5 Bxe5 15.Nxe5 Qxe5
16.O-O O-O 17.f4 Qd4+ 18.Kh1 Bg4 19.Qe1 Nbd7 20.e5 Nd5 21.Qe4 Qxe4 22.Nxe4 f6
23.h3 Bf5 24.Nd6 fxe5 25.fxe5 Be6 26.Re1 Nc7 27.Be3 Bxc4 28.Nxc4 Rfe8 29.Bg1 Re6
30.Rac1 Nd5 31.Na5 Nxe5 32.Bd4 Rae8 33.Bxa7 Ra8 34.Bd4 Rxa5 35.Rxe5 Rxe5
36.Bxe5 Rxa4 37.Rxc6 Ra1+ 38.Kh2 Re1 39.Bd4 Rd1 40.Rc4 Rd2 41.Kg3 Kf7 42.Kf3 b3
43.Ra4 g5 44.Ra7+ Ke6 45.Ra6+ Kd7 46.Ke4 Nf4 47.g3 Nxh3 48.Rh6 Nf2+ 49.Kd5 Nd1
50.Rxh7+ Kd8 51.Rb7 Rd3 52.g4 Nxb2 53.Ke4 Rd2 54.Bf6+ Ke8 55.Bxg5 Rg2 56.Kf5 Rf2+
57.Kg6 Nd3 58.Re7+ Kf8 59.Re4 Rh2 60.Be7+ Ke8 61.Bd6+ Kd7 62.Rd4 b2 63.Ba3+ Kc6  1/2-1/2

[Event "ch-NZL"]
[Site "Auckland NZL"]
[Date "2010.01.04"]
[Round "3"]
[White "Croad,N"]
[Black "Davis,J"]
[Result "1-0"]
[WhiteElo "2271"]
[BlackElo "1939"]

1.d4 d5 2.c4 c6 3.Nc3 Nf6 4.Nf3 dxc4 5.a4 Bf5 6.Ne5 e6 7.f3 Bb4 8.e4 Bxe4
9.fxe4 Nxe4 10.Bd2 Qxd4 11.Nxe4 Qxe4+ 12.Qe2 Bxd2+ 13.Kxd2 Qd5+ 14.Kc2 Na6
15.Nxc4 O-O 16.Qe5 Rab8 17.Be2 f6 18.Qxd5 cxd5 19.Ne3 Rfc8+ 20.Kb1 Nb4 21.Rd1 Rc5
22.a5 Nc6 23.a6 b6 24.Nc2 Rc8 25.b4 Rc3 26.Kb2 Ne7 27.Rac1 e5 28.Na3 Rxc1
29.Rxc1 Rxc1 30.Kxc1 f5 31.Bb5 d4 32.Nc4 e4 33.Nxb6 d3 34.Nd5 Nc8 35.Bd7 Nd6
36.b5 Nc4 37.b6 d2+ 38.Kc2 e3 39.b7 g6 40.b8=Q+ Kg7 41.Nxe3  1-0